00617 2200205 4500001002100000005001500021035002000036008004100056020002200097041000700119082001100126090001700137100001200154245011500166260004400281084001700325300003300342250001000375990002600385INLIS00000000000164520230705110553 a0010-0722001645230705 | | ind  a979-602-99884-4-1 aid a631.86 a631.85 Ale s1 aALEX S.1 aSukses Mengolah Sampah Organik menjadi Pupuk Organik: pupuk Kompos, pupuk Cair,Briket sampa, Biogas /cALEX S. aYogyakarta :bPustaka Baru Press,c2015 a631.86 ALE s avii,163hml, :bilus. ;c20cm acet.1 ac.3(00343/STPP/PB/15)